Uranio.

Guardado en:
Formato: Deslizar
Series:Materias primas
Materias:
Etiquetas: Agregar Etiqueta
Sin Etiquetas, Sea el primero en etiquetar este registro!
LEADER 00866ngm a22002175g 4500
001 CEM.cems021954
008 130507b1993##################0###0#####d
005 20240923133625.0
245 0 0 |a Uranio. 
300 |a 15'. 
490 0 |a Materias primas 
500 |a En soporte VHS, consultar en ventanilla. 
505 0 |a Importancia del uranio. Extracción y reservas mundiales. Uso energético. Cuatro etapas de procesamiento. Riesgos del ciclo energético nuclear. Búsqueda de una depósito mundial. Radioactividad en medicina y agricultura. Etc. 
538 |a Soporte: VHS - Norma: Pal N - Color - Grabación DRD 1993 - Hitachi=2113 
082 6 2 |. 17/CEA 
653 |a MATERIAS PRIMAS 
653 |a MINERALOGIA 
653 |a URANIO 
653 |a RADIOACTIVIDAD 
653 |a NIVEL SECUNDARIO 
859 |a CEMS  |b BIB. CEMS - Depto. Recursos Didacticos  |h 622.17  |i CEA  |k DRD  |p 597.12  |t Ej.1